خود کلامی / (Record no. 108732)

MARC details
000 -LEADER
fixed length control field 00849nam a22002537a 4500
005 - DATE AND TIME OF LATEST TRANSACTION
control field 20170123162344.0
010 ## - LIBRARY OF CONGRESS CONTROL NUMBER
LC control number A-770659
020 ## - INTERNATIONAL STANDARD BOOK NUMBER
Terms of availability 35.00
International Standard Book Number 8186232206
035 ## - SYSTEM CONTROL NUMBER
System control number A-770659
037 ## - SOURCE OF ACQUISITION
Source of stock number/acquisition Cen Lib/Ret
040 ## - CATALOGING SOURCE
Original cataloging agency DPL
Language of cataloging UR
082 ## - DEWEY DECIMAL CLASSIFICATION NUMBER
Classification number 841
Item number پ ر و
100 ## - MAIN ENTRY--PERSONAL NAME
Personal name پروین شاکر
9 (RLIN) 129762
245 ## - TITLE STATEMENT
Title خود کلامی /
Statement of responsibility, etc پروین شاکر
246 ## - VARYING FORM OF TITLE
Title proper/short title Khud kalami /
Remainder of title by Parveen Shakir
260 ## - PUBLICATION, DISTRIBUTION, ETC. (IMPRINT)
Place of publication, distribution, etc دہلی
Name of publisher, distributor, etc ایجوکیشنل پبلشنگ ہاؤس
Date of publication, distribution, etc 1995
270 ## - ADDRESS
City دہلی
Address ٣١٠٨، گلی عزیزددیں وکیل کوچہ پنڈت لال کوان
Postal code 110006
300 ## - PHYSICAL DESCRIPTION
Extent 183p.
Dimensions 17cm(Hb)
650 ## - SUBJECT ADDED ENTRY--TOPICAL TERM
Topical term or geographic name as entry element ادب -- اردو
9 (RLIN) 129763
650 ## - SUBJECT ADDED ENTRY--TOPICAL TERM
Topical term or geographic name as entry element اردو غزل
9 (RLIN) 129764
650 ## - SUBJECT ADDED ENTRY--TOPICAL TERM
Topical term or geographic name as entry element Literature -- Urdu
9 (RLIN) 129765
650 ## - SUBJECT ADDED ENTRY--TOPICAL TERM
Topical term or geographic name as entry element Urdu ghazal
9 (RLIN) 48786
942 ## - ADDED ENTRY ELEMENTS (KOHA)
Source of classification or shelving scheme Dewey Decimal Classification
Koha item type Urdu Bks
Classification part 841
Call number suffix پ ر و
Holdings
Withdrawn status Lost status Damaged status Not for loan Home library Current library Date acquired Source of acquisition Cost, normal purchase price Total Checkouts Full call number Barcode Date last seen Copy number Cost, replacement price Price effective from Koha item type
        Central Library Central Library 03/02/2016 Cen Lib/Ret 35.00   841 پ ر و A-770659 03/02/2016 1 35.00 03/02/2016 Urdu Bks

© Delhi Public Library
Hit Counter
free hit counter